[Event "Revisit London 1883"]
[Site "SchemingMind.com"]
[Date "2005.05.24"]
[Round "-"]
[White "neoliminal"]
[Black "willygor"]
[Result "0-1"]
[WhiteCountry "CRC"]
[BlackCountry "ARG"]
[WhiteElo "1323"]
[WhiteRD "69"]
[BlackElo "1639"]
[BlackRD "74"]
[GameID "16217"]

1. c4 e6 2. e3 Nf6 3. Nf3 b6 4. Be2 Bb7 5. O-O d5 6. d4 Bd6 7. Nc3 O-O 8. b3 Nbd7 9. Bb2 Qe7 10. a3 c5
11. b4 cxb4 12. axb4 Bxb4 13. Rc1 dxc4 14. e4 Bxc3 15. Bxc3 Nxe4 16. Ne5 Nxc3 17. Rxc3 Nxe5 18. dxe5 Rfd8 19. Qc2 b5 20. Rg3 Rd4
21. Bg4 Be4 22. Qc1 Rad8 23. Qf4 Bf5 24. Qf3 Bxg4 25. Rxg4 Rxg4 26. Qxg4 Rd5 27. h4 Rxe5 28. h5 h6 29. Rd1 Rd5 30. Re1 Qd7
31. Re3 Rd1+ 32. Kh2 Qd6+ 33. Rg3 Qd4 34. Qxg7+ Qxg7
0-1

[Event "Revisit London 1883"]
[Site "SchemingMind.com"]
[Date "2005.05.24"]
[Round "-"]
[White "neoliminal"]
[Black "lame wolf"]
[Result "1-0"]
[WhiteCountry "CRC"]
[BlackCountry "INT"]
[WhiteElo "1323"]
[WhiteRD "69"]
[BlackElo "1046"]
[BlackRD "69"]
[GameID "16218"]

1. c4 e6 2. e3 Nf6 3. Nf3 b6 4. Be2 Bb7 5. O-O d5 6. d4 Bd6 7. Nc3 O-O 8. b3 Nbd7 9. Bb2 Qe7 10. Bd3 e5
11. dxe5 Nxe5 12. Nxe5 Qxe5 13. g3 dxc4 14. Bxc4 Qh5 15. Qxh5 Nxh5 16. Ne2 Rad8 17. Bd4 Bc6 18. g4 Nf6 19. Bxf6 gxf6 20. h4 Kh8
21. f4 h6 22. Ng3 Bd7 23. Nh5 Bxg4 24. Nxf6 Bf5 25. Rf2 Be7 26. Nd5 Bxh4 27. Rh2 Rg8+ 28. Kf1 Rg4 29. Ke2 Rdg8 30. Rah1 R8g7
31. Rxh4 Rg2+ 32. Kd1 c5 33. Ne7 Be4 34. Rxh6+
1-0

[Event "Revisit London 1883"]
[Site "SchemingMind.com"]
[Date "2005.05.24"]
[Round "-"]
[White "neoliminal"]
[Black "capablanca"]
[Result "0-1"]
[WhiteCountry "CRC"]
[BlackCountry "GER"]
[WhiteElo "1323"]
[WhiteRD "69"]
[BlackElo "1539"]
[BlackRD "94"]
[GameID "16219"]

1. c4 e6 2. e3 Nf6 3. Nf3 b6 4. Be2 Bb7 5. O-O d5 6. d4 Bd6 7. Nc3 O-O 8. b3 Nbd7 9. Bb2 Qe7 10. Bd3 Rfc8
11. c5 bxc5 12. Nb5 cxd4 13. Bxd4 c5 14. Nxd6 Qxd6 15. Bb2 Ba6 16. Qe2 c4 17. bxc4 Bxc4 18. Bxc4 Rxc4 19. e4 Rxe4 20. Qb5 Rb8
21. Be5 Nxe5 22. Rac1 Rxb5 23. Rc8+ Qf8 24. Rxf8+ Kxf8
0-1

[Event "Revisit London 1883"]
[Site "SchemingMind.com"]
[Date "2005.05.24"]
[Round "-"]
[White "Austin Lockwood"]
[Black "neoliminal"]
[Result "0-1"]
[WhiteCountry "ENG"]
[BlackCountry "CRC"]
[WhiteElo "1634"]
[WhiteRD "76"]
[BlackElo "1344"]
[BlackRD "70"]
[GameID "16220"]

1. c4 e6 2. e3 Nf6 3. Nf3 b6 4. Be2 Bb7 5. O-O d5 6. d4 Bd6 7. Nc3 O-O 8. b3 Nbd7 9. Bb2 Qe7 10. Nb5 dxc4
11. Bxc4 c6 12. Nxd6 Qxd6 13. Ne5 b5 14. Bd3 Rae8 15. f4 g6 16. Qf3 Nh5 17. g4 Ng7 18. Rac1 Nxe5 19. fxe5 Qd7 20. Rc3 c5
21. dxc5 Bxf3 22. Rxf3 f5 23. Rf4 fxg4 24. Rd4 Qf7 25. Rf4 Nf5 26. Bxb5 Rd8 27. Rd3 g5 28. Rxd8 Rxd8 29. Rf1 g3 30. hxg3 Qh5
31. Rxf5 Rd1+ 32. Rf1 Rd2 33. Rf2 Qd1+ 34. Bf1 Rxf2 35. Kxf2 Qc2+
0-1

[Event "Revisit London 1883"]
[Site "SchemingMind.com"]
[Date "2005.05.26"]
[Round "-"]
[White "loco61"]
[Black "neoliminal"]
[Result "1-0"]
[WhiteCountry "ENG"]
[BlackCountry "CRC"]
[WhiteElo "1488"]
[WhiteRD "68"]
[BlackElo "1344"]
[BlackRD "70"]
[GameID "16221"]

1. c4 e6 2. e3 Nf6 3. Nf3 b6 4. Be2 Bb7 5. O-O d5 6. d4 Bd6 7. Nc3 O-O 8. b3 Nbd7 9. Bb2 Qe7 10. Nb5 Nh5
11. Nxd6 cxd6 12. cxd5 Bxd5 13. Qc2 Ndf6 14. Bd3 Rac8 15. Qe2 Bxf3 16. Qxf3 d5 17. e4 dxe4 18. Bxe4 Nxe4 19. Qxe4 Qg5 20. Bc1 Rxc1
21. Raxc1 Nf4 22. g3 f5 23. Qe3 Nh3+ 24. Kh1 f4 25. Qxe6+ Kh8 26. Qxh3 fxg3 27. hxg3 Qd5+ 28. Kh2 h6 29. Rcd1 Rf5 30. Qg2 Rh5+
31. Kg1 Qf5 32. g4
1-0

[Event "Revisit London 1883"]
[Site "SchemingMind.com"]
[Date "2005.05.25"]
[Round "-"]
[White "nasmichael"]
[Black "neoliminal"]
[Result "0-1"]
[WhiteCountry "USA"]
[BlackCountry "CRC"]
[WhiteElo "1299"]
[WhiteRD "93"]
[BlackElo "1377"]
[BlackRD "75"]
[GameID "16222"]

1. c4 e6 2. e3 Nf6 3. Nf3 b6 4. Be2 Bb7 5. O-O d5 6. d4 Bd6 7. Nc3 O-O 8. b3 Nbd7 9. Bb2 Qe7 10. cxd5 exd5
11. Re1 c5 12. Bd3 Rae8 13. Ng5 h6 14. dxc5 bxc5 15. Nf3 Ng4 16. Qc2 Bxh2+ 17. Nxh2 Qh4 18. Nxg4 Qxg4 19. Bf5 Qg5 20. Bxd7 d4
21. f3 Bxf3
0-1

[Event "Revisit London 1883"]
[Site "SchemingMind.com"]
[Date "2005.05.24"]
[Round "-"]
[White "willygor"]
[Black "neoliminal"]
[Result "1-0"]
[WhiteCountry "ARG"]
[BlackCountry "CRC"]
[WhiteElo "1639"]
[WhiteRD "74"]
[BlackElo "1323"]
[BlackRD "69"]
[GameID "16223"]

1. c4 e6 2. e3 Nf6 3. Nf3 b6 4. Be2 Bb7 5. O-O d5 6. d4 Bd6 7. Nc3 O-O 8. b3 Nbd7 9. Bb2 Qe7 10. Nb5 dxc4
11. Nxd6 cxd6 12. bxc4 Bxf3 13. Bxf3 Rad8 14. a4 d5 15. Ba3 Nc5 16. dxc5 bxc5 17. Qc2 Ne4 18. Bxe4 dxe4 19. Qxe4 f5 20. Qe5 Rf6
21. Qxc5 Qf7 22. Qe7 Rd7 23. Qxf7+ Rdxf7 24. Bd6 f4 25. Bxf4 h6 26. c5 g5 27. Bd6 h5 28. Rac1 g4 29. c6
1-0

[Event "Revisit London 1883"]
[Site "SchemingMind.com"]
[Date "2005.05.24"]
[Round "-"]
[White "lame wolf"]
[Black "neoliminal"]
[Result "0-1"]
[WhiteCountry "INT"]
[BlackCountry "CRC"]
[WhiteElo "1046"]
[WhiteRD "69"]
[BlackElo "1323"]
[BlackRD "69"]
[GameID "16224"]

1. c4 e6 2. e3 Nf6 3. Nf3 b6 4. Be2 Bb7 5. O-O d5 6. d4 Bd6 7. Nc3 O-O 8. b3 Nbd7 9. Bb2 Qe7 10. Ne5 Bxe5
11. dxe5 Nxe5 12. Bf3 Rad8 13. e4 dxe4 14. Qe2 exf3 15. gxf3 Ng6 16. Ne4 Nxe4 17. fxe4 Qh4 18. Rad1 Nf4 19. Qf3 Nh3+ 20. Kh1 Bxe4
0-1

[Event "Revisit London 1883"]
[Site "SchemingMind.com"]
[Date "2005.05.24"]
[Round "-"]
[White "capablanca"]
[Black "neoliminal"]
[Result "1/2-1/2"]
[WhiteCountry "GER"]
[BlackCountry "CRC"]
[WhiteElo "1539"]
[WhiteRD "94"]
[BlackElo "1323"]
[BlackRD "69"]
[GameID "16225"]

1. c4 e6 2. e3 Nf6 3. Nf3 b6 4. Be2 Bb7 5. O-O d5 6. d4 Bd6 7. Nc3 O-O 8. b3 Nbd7 9. Bb2 Qe7 10. Nb5 dxc4
11. Bxc4 a6 12. Nxd6 cxd6 13. Rc1 b5 14. Be2 Rad8 15. Rc7 Bd5 16. Qd2 Ne8 17. Ra7 Bxf3 18. Bxf3 Qg5 19. Rxa6 Nef6 20. Rxd6 Ng4
21. Qe2 Ndf6 22. Rb6 Nxh2 23. Kxh2 Qh4+ 24. Kg1 Rd5 25. Bxd5 Ng4 26. Qxg4 Qxg4 27. Bf3 Qh4 28. Rxb5 f5 29. Rb7 Rf6 30. Rb8+ Kf7
31. Rb7+ Kg8=
1/2-1/2